| 000 | 00315 a2200133 4500 | ||
|---|---|---|---|
| 999 |
_c327586 _d327586 |
||
| 001 | 92513 | ||
| 003 | NUST | ||
| 005 | 20180120143715.0 | ||
| 008 | 180120b xxu||||| |||| 00| 0 eng d | ||
| 020 | _a978-1-4711-5728-8 | ||
| 082 | _a158.1/COY | ||
| 100 |
_aStephen R. Covey _99233 |
||
| 245 | _aPrimary Greatness | ||
| 260 |
_aLondon _bSimon & Schuster _c2015 |
||
| 300 | _axxx,194p. | ||
| 942 |
_aCAE NUST _cBK _k158.1/COY _2ddc |
||